The dilemmas of dissidence in East-Central Europe
| Titel: | The dilemmas of dissidence in East-Central Europe : citizen intellectuals and philosopher kings / by Barbara J. Falk |
|---|---|
| Verfasser: | |
| Veröffentlicht: | Budapest : Central European Univ, Press, 2003 |
| Umfang: | XXXII, 479 Seiten |
| Format: | Buch |
| Sprache: | Englisch |
| RVK-Notation: | |
| ISBN: | 9639241393 ; 9639241385 |
| Hinweise zum Inhalt: |
Inhaltsverzeichnis
|
alg: 11041852 001A $06053:23-03-03 001B $01999:09-06-23 $t23:31:17.000 001D $00030:04-11-03 001U $0utf8 001X $00 002@ $0Aay 002C $aText $btxt $2rdacontent 002D $aohne Hilfsmittel zu benutzen $bn $2rdamedia 002E $aBand $bnc $2rdacarrier 003@ $0110418522 003O $050253117 $aOCoLC 004A $0963-9241-39-3 $fUSD 27.95 Paper bound book 004A $0963-9241-38-5 $fUSD 59.95 Hard bound book 006A $02002011885 006B $0bA2U7054 006H $0R5358928 007A $0110418522 $aHEB 007G $0DE_SUB_Hamburg8FC39009880C2F14C125728E003D093D 007T $0Herdh05187 009P $qapplication/pdf $A2 $3Inhaltsverzeichnis $uhttp://scans.hebis.de/HEBCGI/show.pl?11041852_toc.pdf $mV:DE-603;B:DE-30 010@ $aeng 011@ $a2003 021A $aThe @dilemmas of dissidence in East-Central Europe $dcitizen intellectuals and philosopher kings $hby Barbara J. Falk 028A $BVerfasser $4aut $D20220215 $Ecgwrk $7136512070 $8Falk, Barbara J. [Tp1] $9205963528 033A $pBudapest $nCentral European Univ, Press 034D $aXXXII, 479 Seiten 037A $aLiteraturverzeichnis Seite [365]-398 039U $aRezensiert in $8--Aox--Haughton, Tim. Falk, Barbara J.. The @dilemmas of dissidence in East-Central Europe. - Budapest : Central European Univ, Press. - 2003 [Rezension], 2004 $9394846850 039U $aRezensiert in $8--Oox--Kowalczuk, Ilko-Sascha$Z1967- [Tp1]. Falk, Barbara J.. The @dilemmas of dissidence in East-Central Europe. - Budapest : Central European Univ, Press. - 2003 [Rezension], 2007 $9394909852 039U $aRezensiert in $8--Aox--Kenney, Padraic. Falk, Barbara J.. The @dilemmas of dissidence in East-Central Europe. - Budapest : Central European Univ, Press. - 2003 [Rezension], 2004 $939496490X 039U $aRezensiert in $8--Aox--Bernhard, Michael. Falk, Barbara J.. The @dilemmas of dissidence in East-Central Europe. - Budapest : Central European Univ, Press. - 2003 [Rezension], 2004 $9395084504 044K $RMitteleuropa $RVisegrád-Staaten $ROsteuropa $#Ostmitteleuropa $#Ostmitteleuropa $#Mitteleuropa, Ost $#Central Europe Ostmitteleuropa $#Mittelosteuropa $74075753-5 $8Ostmitteleuropa [Tg1] $9085214485 044K $ROpposition $RDissidentin $#Dissenters $#Dissidents $#Dissident $#Nonkonformist $#Abweichler Dissident $74150218-8 $8Dissident [Ts1] $9085617881 045A $aDJK50 045B $a943.0009045 $ALoC $eDDC21oclc 045F $a900.9470904 $eDDC23BSB 045F/01 $a900 045F/03 $f0904 045F/03 $g47 045F/03 $g437 045F/03 $g4371 045F/03 $g4373 045G $a909 $eDDC23BSB 045G/01 $a909 045G/03 $f0904 045G/03 $g47 045G/03 $g437 045H $a100 $eDDC23BSB 045H/01 $a100 045H/03 $g47 045H/03 $g437 045R $aGeschichte 1956-1989 045Z $8MG 80092 [Tkv] $941054258X lok: 11041852 3 101B $004-11-08 $t11:30:06.000 101C $030-03-04 101U $0utf8 145S/01 $a039 145S/02 $a036 exp: 11041852 3 1 #EPN 201B/01 $030-03-04 $t12:43:54.000 201C/01 $015-07-03 203@/01 $0185933718 208@/01 $a04-11-03 $bzAa 209A/01 $a13.243.69 $du $f000 $h13 243 69 $x00 209G/01 $a13243697 $x00 247C/01 $8601000-3 <30>Frankfurt, Universitätsbibliothek J. C. Senckenberg, Zentralbibliothek (ZB) $9102598258 201U/01 $0utf8 lok: 11041852 24 101B $012-03-04 $t11:22:04.000 101C $012-03-04 145Z/01 $a31 7 O 145Z/02 $a31 7 Od 145Z/03 $a31 7 V 145Z/04 $a31 15 S 101U $0utf8 exp: 11041852 24 1 #EPN 201B/01 $026-02-04 $t15:27:00.000 201C/01 $026-02-04 203@/01 $0209875313 208@/01 $a26-02-04 $bz 209A/01 $a04.0505 $du $f050 $h04 0505 $x00 209C/01 $a04.0505 K $h04 0505 K 209G/01 $a70580500 $x00 220C/01 $ahae 247C/01 $8358050-7Marburg, Bibliothek des Herder-Instituts Marburg $9102600961 201U/01 $0utf8 lok: 11041852 78 exp: 11041852 78 1 #EPN 201B/01 $025-11-17 $t23:32:34.000 201U/01 $0utf8 203@/01 $0791772217 208@/01 $a12-11-16 $be 209A/01 $a/ $f000 $x00 220C/01 $aTitelaufnehmer: rb;wr 237A/01 $aBetrifft Tschechoslowakei und Polen. - weiterführende Signatur(en): 04.0505 244Z/01 $#Tschechien $#Tschechische Republik $#Tschechische Republik $#Tschechenland $#Tschechei Tschechien $#Česká Republika $#Czech Republic $#ČR $74303381-7 $8--Tg1--Tschechien $x01 $9086659812 244Z/01 $2Trx $#Böhmen $#Bohemia $#Czechy $8--Trx--Čechy $x02 $9391188941 244Z/01 $2Trx $#Slowakische Republik $#Szlovák Köztársaság $#Republika Słowacka $#Slovenská Republika $#Slovensko $#Slowakei $#Słowacja $#Slovensko $8--Trx--Slovenská Republika $x03 $9391345796 244Z/01 $2Trx $#Poola $#Lenkija $#Polija $#Polen Land $#Poland $#Lengyelország $#Poľsko $#Polsko $8--Trx--Polska$gkraj $x04 $9391345966 244Z/01 $2Trx $#Kesk- ja Ida- Euroopa kontseptsioonid $#Vidurio Europos koncepcijos $#East-Central Europe $#Keletközépeurópa-eszmék $#Europa Środkowo-Wschodnia koncepcje $#Európa stredovýchodná koncepcie $#Evropa střední, východní část koncepce $#Mitteleuropa $#Osteuropakonzeptionen $#Europa Środkowa koncepcje $#Stredná Európa koncepcie $#Střední Europa koncepce $8--Trx--Ostmitteleuropakonzeptionen $x05 $9391364286 244Z/01 $2Trx $#dissidendid $#disidentai 1945-1989 $#Dissidents 1945-1989 $#másként gondolkodók $#dysydenci 1945-1989 $#disidenti 1945-1989 $#disidenti 1945-1989 $8--Trx--Dissidenten$g1945-1989 $x06 $9391380478 244Z/01 $2Trx $#haritlased $#intelektualai $#Intellectuals $#értelmiségiek $#intelektualiści $#intelektuáli $#intelektuálové $8--Trx--Intellektuelle $x07 $9391368176 244Z/01 $2Trx $#opositsioon, poliitiline $#politinė opozicija $#political opposition $#ellenzék, politikai $#opozycja polityczna $#opozícia politická $#opozice, politická $8--Trx--Opposition, politische $x08 $939136944X 244Z/01 $2Trx $#tsiviilühiskond $#pilietinė visuomenė $#civil society $#civil társadalom $#społeczeństwo obywatelskie $#spoločnosť občianska $#společnost občanská $8--Trx--Zivilgesellschaft $x09 $9391373463 244Z/01 $2Trx $8--Trx--Monographie $x10 $9391384546 245Z/01 $a06.04.04 $x01 247C/01 $82080>Marburg/Lahn, Herder-Institut, Forschungsbibliothek, Bibliographieportal $9336309341
| LEADER | 00000cam a22000002c 4500 | ||
|---|---|---|---|
| 001 | 110418522 | ||
| 003 | DE-603 | ||
| 005 | 20230609233117.0 | ||
| 007 | tu | ||
| 008 | 030323s2003 xx |||| | u00||u|eng c | ||
| 010 | |a 2002011885 | ||
| 020 | |a 9639241393 |c USD 27.95 Paper bound book | ||
| 020 | |a 9639241385 |c USD 59.95 Hard bound book | ||
| 035 | |a (DE-599)HEB110418522 | ||
| 035 | |a (OCoLC)50253117 | ||
| 040 | |a DE-603 |b ger |c DE-603 |d DE-603 | ||
| 041 | |a eng | ||
| 050 | 0 | |a DJK50 | |
| 082 | 0 | 4 | |8 1\u |a 900.9470904 |q DE-101 |2 23/BSB |
| 083 | 0 | |8 2\u |a 909 |q DE-101 |2 23/BSB | |
| 083 | 0 | |8 3\u |a 100 |q DE-101 |2 23/BSB | |
| 083 | 7 | |8 4\p |a 943.0009045 |2 21/oclc | |
| 084 | |a MG 80092 |0 (DE-625)122863:12053 |0 (DE-603)41054258X |2 rvk | ||
| 085 | |8 1\u |b 900 | ||
| 085 | |8 1\u |z 1 |s 0904 | ||
| 085 | |8 1\u |z 2 |s 47 | ||
| 085 | |8 1\u |z 2 |s 437 | ||
| 085 | |8 1\u |z 2 |s 4371 | ||
| 085 | |8 1\u |z 2 |s 4373 | ||
| 085 | |8 2\u |b 909 | ||
| 085 | |8 2\u |z 1 |s 0904 | ||
| 085 | |8 2\u |z 2 |s 47 | ||
| 085 | |8 2\u |z 2 |s 437 | ||
| 085 | |8 3\u |b 100 | ||
| 085 | |8 3\u |z 2 |s 47 | ||
| 085 | |8 3\u |z 2 |s 437 | ||
| 100 | 1 | |a Falk, Barbara J. |e Verfasser |4 aut |0 (DE-603)205963528 |0 (DE-588)136512070 |2 gnd | |
| 245 | 0 | 0 | |a The dilemmas of dissidence in East-Central Europe |b citizen intellectuals and philosopher kings |c by Barbara J. Falk |
| 264 | 1 | |a Budapest |b Central European Univ, Press |c 2003 | |
| 300 | |a XXXII, 479 Seiten | ||
| 336 | |a Text |b txt |2 rdacontent | ||
| 337 | |a ohne Hilfsmittel zu benutzen |b n |2 rdamedia | ||
| 338 | |a Band |b nc |2 rdacarrier | ||
| 500 | |a Literaturverzeichnis Seite [365]-398 | ||
| 648 | 7 | |a Geschichte 1956-1989 |2 gnd | |
| 650 | 7 | |a Dissident |0 (DE-588)4150218-8 |0 (DE-603)085617881 |2 gnd | |
| 651 | 7 | |a Ostmitteleuropa |0 (DE-588)4075753-5 |0 (DE-603)085214485 |2 gnd | |
| 787 | 0 | 8 | |i Rezensiert in |a Haughton, Tim |t Falk, Barbara J.. The dilemmas of dissidence in East-Central Europe. - Budapest : Central European Univ, Press. - 2003 [Rezension] |w (DE-603)394846850 |
| 787 | 0 | 8 | |i Rezensiert in |a Kowalczuk, Ilko-Sascha, 1967- |t Falk, Barbara J.. The dilemmas of dissidence in East-Central Europe. - Budapest : Central European Univ, Press. - 2003 [Rezension] |w (DE-603)394909852 |
| 787 | 0 | 8 | |i Rezensiert in |a Kenney, Padraic |t Falk, Barbara J.. The dilemmas of dissidence in East-Central Europe. - Budapest : Central European Univ, Press. - 2003 [Rezension] |w (DE-603)39496490X |
| 787 | 0 | 8 | |i Rezensiert in |a Bernhard, Michael |t Falk, Barbara J.. The dilemmas of dissidence in East-Central Europe. - Budapest : Central European Univ, Press. - 2003 [Rezension] |w (DE-603)395084504 |
| 856 | 4 | 2 | |m V:DE-603;B:DE-30 |q application/pdf |u http://scans.hebis.de/HEBCGI/show.pl?11041852_toc.pdf |3 Inhaltsverzeichnis |
| 883 | 0 | |8 4\p |q LoC | |
| 924 | 0 | |9 30 |a (DE-603)185933718 |b DE-30 |c HES |d c |g 13.243.69 | |
| 924 | 0 | |9 Mb 50 |a (DE-603)209875313 |b DE-Mb50 |c HES |d c |g 04.0505 | |
| 924 | 0 | |9 2080 |a (DE-603)791772217 |b DE-2080 |c HES |d d |g / | |


